00443nam a2200157Ia 4500001000500000005001700005008004100022041000800063082001600071100003200087245011300119260000900232300002800241650000800269654000800277340420260306145641.0260306t1998||||xx |||||||||||||| ||spa|| aESP a272.02bL81 aLoarte, José AntonioeAUT 0aEl tesoro de los padres:bselección de textos de los Santos Padres para el cristianismo del tercer milenio c1998 a398 páginas :c25 cm. aGEN aCHU